000
00298nam a2200109Ia 4500
008
190906s9999||||xx |||||||||||||| ||und||
100
_a
Thomas A. Standish
245
0
_a
Data Structures, Algorithms & Software Principles In C
260
_a
USA
_b
Prentice Hall Inc.
_c
2000
300
_a
748
942
_c
BK
999
_c
5951
_d
5951